Contemporary social problems and issues / (Record no. 291568)
[ view plain ]
| 000 -LEADER | |
|---|---|
| fixed length control field | 00673nam a2200241Ia 4500 |
| 008 - FIXED-LENGTH DATA ELEMENTS--GENERAL INFORMATION | |
| fixed length control field | 160319s9999 xx 000 0 und d |
| 020 ## - INTERNATIONAL STANDARD BOOK NUMBER | |
| International Standard Book Number | 971-08-5937-4 |
| 050 ## - LIBRARY OF CONGRESS CALL NUMBER | |
| Classification number | FIL HN 711 |
| 050 ## - LIBRARY OF CONGRESS CALL NUMBER | |
| Item number | .S26 2006 |
| 100 ## - MAIN ENTRY--PERSONAL NAME | |
| Personal name | Sanchez, Custodiosa A. |
| 245 ## - TITLE STATEMENT | |
| Title | Contemporary social problems and issues / |
| 245 ## - TITLE STATEMENT | |
| Statement of responsibility, etc | Custodiosa A. Sanchez, Fe B. Agpaoa. |
| 250 ## - EDITION STATEMENT | |
| Edition statement | 3rd Edition |
| 260 ## - PUBLICATION, DISTRIBUTION, ETC. (IMPRINT) | |
| Place of publication, distribution, etc | Manila: |
| 260 ## - PUBLICATION, DISTRIBUTION, ETC. (IMPRINT) | |
| Name of publisher, distributor, etc | National Book Store. Inc., |
| 260 ## - PUBLICATION, DISTRIBUTION, ETC. (IMPRINT) | |
| Date of publication, distribution, etc | 2006 |
| 300 ## - PHYSICAL DESCRIPTION | |
| Extent | 286 pages : |
| 300 ## - PHYSICAL DESCRIPTION | |
| Other physical details | illustrations ; |
| 300 ## - PHYSICAL DESCRIPTION | |
| Dimensions | 22 cm. |
| 500 ## - GENERAL NOTE | |
| General note | Includes index. |
| 650 ## - SUBJECT ADDED ENTRY--TOPICAL TERM | |
| Topical term or geographic name as entry element | Social Problems -- Philippines. |
| 650 ## - SUBJECT ADDED ENTRY--TOPICAL TERM | |
| General subdivision | Phillippines -- Social conditions. |
| Withdrawn status | Lost status | Damaged status | Home library | Current library | Shelving location | Date acquired | Total Checkouts | Full call number | Barcode | Date last seen | Price effective from | Koha item type |
|---|---|---|---|---|---|---|---|---|---|---|---|---|
| South Mansfield College | South Mansfield College | Filipiniana Section | 01/09/2008 | FIL HN 711 .S26 2006 | SMC03935 | 03/19/2016 | 03/19/2016 |